A Guide to Mental Health & Psychiatric Nursing (Record no. 1850)

MARC details
000 -LEADER
Fixed length control field 00622nam a2200217Ia 4500
003 - CONTROL NUMBER IDENTIFIER
Control field IIN
005 - DATE AND TIME OF LATEST TRANSACTION
Control field 20250530121653.0
008 - FIXED-LENGTH DATA ELEMENTS--GENERAL INFORMATION
Fixed length control field 250530s2025 xx adc 001 0 eng d
020 ## - INTERNATIONAL STANDARD BOOK NUMBER / ISBN
International Standard Book Number 9789366161686
Price Rs.795.00
040 ## - CATALOGING SOURCE
Original cataloging agency IIN
Language of cataloging English
082 ## - DEWEY DECIMAL CLASSIFICATION NUMBER
Classification number 610.7368
Book Number SRE
100 1# - MAIN ENTRY--PERSONAL NAME
Personal name Sreevani, R
245 10 - TITLE STATEMENT
Title A Guide to Mental Health & Psychiatric Nursing
Sub title Semester - V & VI /
Statement of responsibility R. Sreevani
250 ## - EDITION STATEMENT
Edition statement 6th ed
260 ## - IMPRINT
Place of publication New Delhi
Name of publisher Jaypee
Date of publication 2025
300 ## - PHYSICAL DESCRIPTION
Page / Vol. No xxxiv,553p.
Other physical details col. ill.
500 ## - GENERAL NOTE
General note Includes Index
650 ## - SUBJECT ADDED ENTRY--TOPICAL TERM
Topical term Mental Health
Form subdivision Nursing
650 ## - SUBJECT ADDED ENTRY--TOPICAL TERM
Topical term Psychiatric Nursing
Form subdivision Nursing
942 ## - ADDED ENTRY ELEMENTS (KOHA)
Koha item type Books
Holdings
Withdrawn status Lost status Source of classification Damaged status Not for loan Collection code Home library Current library Shelving location Date acquired Price Total Checkouts Call number Accession number Checked out Date last seen Date checked out Price effective from Koha item type
    Dewey Decimal Classification     Purches Book IDEAL INSTITUTE OF NURSING IDEAL INSTITUTE OF NURSING General Stacks 11/03/2025 795.00 1 610.7368 SRE 2091 09/06/2026 02/06/2026 02/06/2026 30/05/2025 Books
© Ideal Institute Of Nursing, All rights reserved.         Powered by Koha